000 00475nam a22001337a 4500
008 140221b xxu||||| |||| 00| 0 eng d
050 _aB5300.5.J5 no.13
100 _aJourneer Philosophiques canisius
_98864
245 _aJesuites En Afrique Centrate Et Formation Integrale De L'homme
_cJourneer Philosophiques canisius
260 _aKinshasa
_bPublications Canisius
_c2011
300 _a207p. ;
_c21cm.
650 _aJesuits in Congo
_xHistory
_98865
942 _2lcc
_cMONOGRAPH
999 _c120137
_d120137